| 000 | 00578nam a22001937a 4500 | ||
|---|---|---|---|
| 003 | OSt | ||
| 005 | 20240708145244.0 | ||
| 008 | 240708b |||||||| |||| 00| 0 eng d | ||
| 020 | _a0333645774 | ||
| 040 |
_aDDC _cMUST |
||
| 082 | _a332 NEL 1995 | ||
| 100 |
_aNelson Paul J. _91070 |
||
| 245 |
_aThe World Bank and Non-Governmental Organizations: _bThe Limits of Apolitical Development/ |
||
| 260 |
_aNY: _bPalgrave ; _c1995. |
||
| 300 |
_axiii,23p.: _c21.6cm. |
||
| 504 | _aIncludes Bibliographical Indexes | ||
| 650 |
_aPolitical Development _918512 |
||
| 942 |
_2ddc _cO_SHELF |
||
| 999 |
_c9092 _d9092 |
||